[Event "AUTO-MASTER-1101"]
[Site "http://www.queenalice.com/game.php?id=765879"]
[Date "2010.4.25"]
[Round "1"]
[White "luciopac"]
[Black "allazzarini"]
[Result "1-0"]
[WhiteElo "2167"]
[BlackElo "2122"]

1. e4 e5 2. Nf3 Nc6 3. Bb5 a6 4. Ba4 Nf6 5. O-O b5 6. Bb3 Be7 7. Re1 O-O 8. c3
d5 9. exd5 Nxd5 10. Nxe5 Nxe5 11. Rxe5 c6 12. Re1 Bd6 13. g3 Qf6 14. Bxd5 cxd5
15. Qh5 d4 16. Qh4 Qxh4 17. gxh4 d3 18. a4 Bf5 19. axb5 axb5 20. Rxa8 Rxa8 21.
Na3 Bd7 22. Re3 Bxa3 23. bxa3 Re8 24. Rxd3 Bc6 25. Re3 Rxe3 26. fxe3 Be4 27. Kf2
f5 28. Ke2 Kf7 29. d3 Bd5 30. Kf2 Kf6 31. Bb2 Kg6 32. Kg3 Bb3 33. Kf4 Bc2 34. d4
Be4 35. Ke5 Kf7 36. a4 bxa4 37. c4 h6 38. d5 g5 39. hxg5 hxg5 40. c5 Ke7 41. c6
Kd8 42. Ba3 Kc8 43. Be7 Kc7 44. Bxg5 a3 45. Ke6 a2 46. Bf4+ Kb6 47. Be5 Kc5 48.
Bd4+ Kc4 49. c7 Bxd5+ 50. Kxf5 1-0

[Event "AUTO-OPEN-1700"]
[Site "http://www.queenalice.com/game.php?id=792760"]
[Date "2010.6.20"]
[Round "3"]
[White "Lorfman"]
[Black "allazzarini"]
[Result "1-0"]
[WhiteElo "2785"]
[BlackElo "2141"]

1. e4 e5 2. Nf3 Nc6 3. Bc4 Bc5 4. c3 Nf6 5. d3 O-O 6. O-O d6 7. Nbd2 Be6 8. b4
Bb6 9. a4 a6 10. Qb3 Qe7 11. h3 Rfd8 12. Re1 h6 13. Rb1 g5 14. Bxe6 fxe6 15. Nc4
Ba7 16. b5 axb5 17. axb5 Nb8 18. d4 exd4 19. e5 dxe5 20. Ba3 Bc5 21. Bxc5 Qxc5
22. Rxe5 Qe7 23. Rbe1 g4 24. Rxe6 Qg7 25. Re7 1-0

[Event "AUTO-OPEN-1700"]
[Site "http://www.queenalice.com/game.php?id=792761"]
[Date "2010.6.20"]
[Round "3"]
[White "allazzarini"]
[Black "Lorfman"]
[Result "0-1"]
[WhiteElo "2125"]
[BlackElo "2794"]

1. e4 c5 2. Nf3 d6 3. d4 cxd4 4. Nxd4 Nf6 5. Nc3 a6 6. Be2 e5 7. Nb3 Be7 8. O-O
O-O 9. Be3 Be6 10. Kh1 Nbd7 11. f4 exf4 12. Bxf4 Ne5 13. Nd4 Rc8 14. Nxe6 fxe6
15. Bxe5 dxe5 16. a3 Qxd1 17. Raxd1 Bxa3 18. bxa3 Rxc3 19. Bd3 Rxa3 20. Rb1 Nd7
21. Kg1 Nc5 22. Rf3 Rxf3 23. gxf3 Nxd3 24. cxd3 b5 25. Kf2 Rxd3 26. Ra1 Rd6 27.
Ke3 Kf7 28. h4 b4 29. Ra4 Rb6 30. Kd3 b3 31. Ra1 b2 32. Rb1 a5 33. Kc2 a4 34.
Rxb2 Rxb2+ 35. Kxb2 h5 36. Ka3 g5 0-1

[Event "AUTO-OPEN-1700"]
[Site "http://www.queenalice.com/game.php?id=792764"]
[Date "2010.6.20"]
[Round "3"]
[White "allazzarini"]
[Black "goldenboy"]
[Result "1-0"]
[WhiteElo "2141"]
[BlackElo "2113"]

1. e4 e5 2. Nf3 Nc6 3. Bb5 Bc5 4. O-O Nge7 5. c3 a6 6. Ba4 b5 7. Bc2 d6 8. d4
exd4 9. cxd4 Ba7 10. Be3 Bg4 11. d5 Ne5 12. Nbd2 Bxe3 13. fxe3 N7g6 14. Qe1 Bxf3
15. Nxf3 O-O 16. Nd4 Qg5 17. Rf5 Qh6 18. Bd1 Nc4 19. Nc2 Ne7 20. Rh5 Qf6 21. Nd4
Nxb2 22. Bg4 g6 23. Rh3 Nc4 24. Rf3 Qe5 25. Rf4 g5 26. Rf3 Qg7 27. Qg3 Nxe3 28.
Rxe3 Qxd4 29. Rf1 h6 30. h4 Kg7 31. hxg5 hxg5 32. Bf5 f6 33. Be6 Rae8 34. Rf4 c6
35. Rg4 cxd5 36. e5 Qa1+ 37. Re1 Qb2 38. exf6+ Qxf6 39. Bxd5 Ng6 40. Rc1 Re5 41.
Rc7+ Ne7 42. Bf3 Rf7 43. Ra7 Nf5 44. Rxg5+ Kh7 45. Rxf7+ Qxf7 46. Qh2+ Nh6 47.
Rxe5 dxe5 48. Qxe5 Qxa2 49. Be4+ Kg8 50. Bd5+ Qxd5 51. Qxd5+ Nf7 52. Qa8+ Kg7
53. Qxa6 b4 54. Qc4 b3 55. Qxb3 Kf6 56. Kf2 Ne5 57. Ke3 Ng4+ 58. Kf4 Nh6 59. g4
Nf7 60. Qb6+ 1-0

[Event "AUTO-OPEN-1700"]
[Site "http://www.queenalice.com/game.php?id=792765"]
[Date "2010.6.20"]
[Round "3"]
[White "goldenboy"]
[Black "allazzarini"]
[Result "1/2-1/2"]
[WhiteElo "2093"]
[BlackElo "2142"]

1. e4 e5 2. Nf3 Nc6 3. Bc4 Bc5 4. d3 Nf6 5. Bg5 O-O 6. Nc3 h6 7. Bh4 Be7 8. O-O
g5 9. Bg3 d6 10. h3 Be6 11. Bb5 a6 12. Bxc6 bxc6 13. d4 exd4 14. Nxd4 Qd7 15. e5
Nd5 16. Nxe6 fxe6 17. Qd3 Kg7 18. exd6 cxd6 19. Nxd5 cxd5 20. Rad1 Bf6 21. c4
dxc4 22. Qxc4 d5 23. Qb3 Ra7 24. Rfe1 Rb7 25. Qe3 Rxb2 26. Qxe6 Qxe6 27. Rxe6
1/2-1/2

[Event "AUTO-OPEN-1501"]
[Site "http://www.queenalice.com/game.php?id=804728"]
[Date "2010.7.17"]
[Round "3"]
[White "Pato"]
[Black "allazzarini"]
[Result "0-1"]
[WhiteElo "2013"]
[BlackElo "2133"]

1. e4 e5 2. d4 exd4 3. c3 d5 4. exd5 Qxd5 5. Nf3 Bg4 6. Be2 Nd7 7. O-O O-O-O 8.
Nxd4 Bxe2 9. Qxe2 Bc5 10. Nb3 Ngf6 11. Nxc5 Nxc5 12. Be3 Rhe8 13. Na3 Qf5 14.
Nb5 a6 15. Nd4 Qg6 16. b4 Nce4 17. Rfc1 Ng4 18. b5 Nexf2 19. bxa6 bxa6 0-1

[Event "AUTO-OPEN-1501"]
[Site "http://www.queenalice.com/game.php?id=804729"]
[Date "2010.7.17"]
[Round "3"]
[White "allazzarini"]
[Black "Pato"]
[Result "0-1"]
[WhiteElo "2140"]
[BlackElo "2050"]

1. e4 Nc6 2. d4 e5 3. d5 Nce7 4. c4 Ng6 5. Nc3 Bc5 6. a3 a5 7. Nf3 Nf6 8. Bg5 h6
9. Bxf6 Qxf6 10. Be2 d6 11. Qb1 Nf4 12. Ra2 Nxg2+ 13. Kf1 Bh3 14. b4 Bd4 15.
Nxd4 exd4 16. Nb5 O-O 17. Nxc7 Rac8 18. Nb5 Rfe8 19. Rg1 Nf4+ 20. Ke1 Nxe2 21.
Kxe2 Rxc4 22. Qd3 Qf4 23. Nxd6 Rc3 24. Qxd4 Bg4+ 25. Rxg4 Qxg4+ 26. Kd2 Rcc8 27.
Nxe8 Rxe8 28. Ke3 f5 29. f3 Qg1+ 30. Kd3 Qd1+ 31. Kc4 b5+ 0-1

[Event "AUTO-OPEN-1501"]
[Site "http://www.queenalice.com/game.php?id=804730"]
[Date "2010.7.17"]
[Round "3"]
[White "Cuti"]
[Black "allazzarini"]
[Result "0-1"]
[WhiteElo "1758"]
[BlackElo "2128"]

1. e4 e5 2. Nf3 Nc6 3. Bc4 Bc5 4. d3 Nf6 5. O-O O-O 6. Nc3 d6 7. Nd5 Nxd5 8.
Bxd5 Be6 9. c4 Qc8 10. b3 Ne7 11. Re1 c6 12. Bxe6 fxe6 13. Bg5 Ng6 14. d4 exd4
15. Nxd4 h6 16. Be3 Ne5 17. f4 Ng6 18. Rb1 Nxf4 19. b4 Bb6 20. Rf1 e5 21. Nc2
Bxe3+ 22. Nxe3 Qe6 23. Qc2 Rf6 24. c5 d5 25. Rbd1 d4 26. Nc4 d3 27. Qb3 Raf8 28.
Kh1 Kh7 29. g3 Nh3 30. Qxd3 Nf2+ 31. Rxf2 Rxf2 32. Ne3 Qh3 33. Qf1 Qxh2# 0-1

[Event "AUTO-OPEN-1501"]
[Site "http://www.queenalice.com/game.php?id=804731"]
[Date "2010.7.17"]
[Round "3"]
[White "allazzarini"]
[Black "Cuti"]
[Result "1-0"]
[WhiteElo "2152"]
[BlackElo "1805"]

1. e4 e5 2. Nf3 d6 3. Bc4 Bg4 4. d3 Nf6 5. O-O Be7 6. Nbd2 O-O 7. h3 Bxf3 8.
Qxf3 c5 9. Re1 Nc6 10. c3 a6 11. a4 Qd7 12. Nf1 Ne8 13. Ne3 Nf6 14. Nf5 Na5 15.
Bh6 Ne8 16. Qg4 Bf6 17. Bxg7 Nxg7 18. Nh6+ Kh8 19. Qxd7 Nxc4 20. dxc4 Ne6 21.
Nxf7+ Kg8 22. Nh6+ Kh8 23. Qxe6 1-0

[Event "AUTO-OPEN-1800"]
[Site "http://www.queenalice.com/game.php?id=826798"]
[Date "2010.9.2"]
[Round "2"]
[White "razoman"]
[Black "allazzarini"]
[Result "0-1"]
[WhiteElo "1912"]
[BlackElo "2118"]

1. e4 e5 2. Nf3 Nc6 3. Bb5 a6 4. Ba4 Nf6 5. O-O b5 6. Bb3 Be7 7. d3 O-O 8. c3 d5
9. Nbd2 Bg4 10. h3 Bh5 11. Qc2 dxe4 12. dxe4 Bd6 13. Nh4 Kh8 14. Nf5 Bc5 15. g4
Bg6 16. Nf3 Qb8 17. Bg5 Nd7 18. N3h4 Qb6 19. Nxg6+ fxg6 20. Nh4 Rae8 21. Rad1
Nf6 22. Kg2 Na5 23. Nf3 Nxb3 24. Qxb3 Nxe4 25. Be3 Bxe3 26. fxe3 Qxe3 27. c4
Qe2+ 28. Kg1 bxc4 29. Qa3 c3 30. Rde1 Qd3 31. Rd1 Qe3+ 32. Kg2 Qe2+ 33. Kg1 Rxf3
34. Rxf3 Qxf3 35. Qa4 Qf2+ 0-1

[Event "AUTO-OPEN-1800"]
[Site "http://www.queenalice.com/game.php?id=826799"]
[Date "2010.9.2"]
[Round "2"]
[White "allazzarini"]
[Black "razoman"]
[Result "1-0"]
[WhiteElo "2120"]
[BlackElo "1989"]

1. e4 c5 2. Nf3 Nc6 3. d4 cxd4 4. Nxd4 a6 5. Nc3 d6 6. Be2 g6 7. Be3 Bg7 8. O-O
Nf6 9. f3 O-O 10. Kh1 Bd7 11. Nb3 b5 12. Qe1 e6 13. Rd1 Qc7 14. Qg3 Ne5 15. f4
Nc4 16. Bxc4 Qxc4 17. e5 Ne4 18. Nxe4 Qxe4 19. Rxd6 Rfd8 20. Rfd1 Qxc2 21. Rxd7
Rxd7 22. Rxd7 Qb1+ 23. Bg1 Qxa2 24. Nd4 Qxb2 25. Nf3 h6 26. h4 Rf8 27. h5 Qc2
28. Nd4 Qb1 29. hxg6 fxg6 30. Rxg7+ Kxg7 31. Nxe6+ Kf7 32. Nxf8 Kxf8 33. Qa3+ b4
34. Qxa6 b3 35. Qf6+ Ke8 36. e6 Qf5 37. Qxf5 gxf5 38. Bd4 Ke7 39. Kh2 Kxe6 40.
Kg3 Kd5 41. Bb2 Ke4 42. Be5 Kd3 43. Kh4 Ke2 44. Kh5 Kf2 45. Kxh6 Kxg2 46. Kg5
Kf3 47. Kxf5 Ke3 48. Kg5 Ke4 49. Bb2 1-0

[Event "AUTO-OPEN-1800"]
[Site "http://www.queenalice.com/game.php?id=826804"]
[Date "2010.9.2"]
[Round "2"]
[White "allazzarini"]
[Black "GMNeny"]
[Result "0-1"]
[WhiteElo "2124"]
[BlackElo "2318"]

1. e4 c5 2. Nf3 d6 3. d4 cxd4 4. Nxd4 Nf6 5. Nc3 a6 6. a4 e5 7. Nb3 Be7 8. Be2
Be6 9. O-O O-O 10. Kh1 Nbd7 11. f4 exf4 12. Bxf4 Ne5 13. Nd4 Rc8 14. Nxe6 fxe6
15. Bxe5 dxe5 16. Bd3 Qb6 17. Ne2 Ng4 18. h3 Nf2+ 19. Rxf2 Rxf2 20. Ng3 Rcf8 21.
b3 Qe3 22. Qg4 R8f6 23. Nf1 Qd4 24. Rd1 Bc5 25. Be2 Rxf1+ 0-1

[Event "AUTO-OPEN-1800"]
[Site "http://www.queenalice.com/game.php?id=826805"]
[Date "2010.9.2"]
[Round "2"]
[White "GMNeny"]
[Black "allazzarini"]
[Result "1-0"]
[WhiteElo "2404"]
[BlackElo "2124"]

1. e4 e5 2. Nc3 Nc6 3. Bc4 Bc5 4. d3 Nf6 5. Bg5 O-O 6. Nge2 h6 7. Bxf6 Qxf6 8.
O-O d6 9. a3 Be6 10. Na4 Bb6 11. Bxe6 fxe6 12. Nxb6 axb6 13. c3 Ne7 14. f3 Ng6
15. Qd2 Nf4 16. Nxf4 exf4 17. d4 c6 18. c4 Ra5 19. Rfe1 Rh5 20. Rad1 Qh4 21. h3
Qg3 22. Kh1 Rf6 23. Re2 Rg6 24. Qd3 Rgg5 25. d5 Rh4 26. Rf1 Rgh5 27. Qd2 e5 28.
dxc6 bxc6 29. a4 g5 30. b4 g4 31. fxg4 Rxg4 32. Qe1 Qa3 33. Qd1 Rg3 34. Qd2 Kf7
35. c5 bxc5 36. bxc5 Qxc5 37. Rxf4+ Ke6 38. Qa2+ d5 39. exd5+ cxd5 40. Qb1 Rc3
41. Qg6+ 1-0

[Event "AUTO-OPEN-1901"]
[Site "http://www.queenalice.com/game.php?id=852735"]
[Date "2010.10.31"]
[Round "2"]
[White "LUKK22"]
[Black "allazzarini"]
[Result "1-0"]
[WhiteElo "2306"]
[BlackElo "2141"]

1. g4 d5 2. Bg2 e5 3. c4 c6 4. cxd5 cxd5 5. d4 e4 6. f3 Qh4+ 7. Kf1 Bd6 8. Nc3
exf3 9. exf3 Ne7 10. Nb5 Qf6 11. Bg5 Qg6 12. Ne2 Bd7 13. Nxd6+ Qxd6 14. Qb3 Bc6
15. Re1 f6 16. Bf4 Qd7 17. Nc3 O-O 18. Bh3 Na6 19. Kg2 Rae8 20. Bg3 Kh8 21. Qa3
Nc8 22. Rxe8 Rxe8 23. Re1 Nb6 24. b3 Qf7 25. Rxe8+ Qxe8 26. Kf2 h5 27. gxh5 Qxh5
28. Qf8+ Kh7 29. Be6 Qe8 30. Bf5+ g6 31. Qxf6 gxf5 32. Be5 Qg8 33. Qxf5+ Qg6 34.
Qf8 Qc2+ 35. Ne2 Kg6 36. Qg7+ Kh5 37. Qf7+ 1-0

[Event "AUTO-OPEN-1901"]
[Site "http://www.queenalice.com/game.php?id=852736"]
[Date "2010.10.31"]
[Round "2"]
[White "allazzarini"]
[Black "LUKK22"]
[Result "0-1"]
[WhiteElo "2134"]
[BlackElo "2329"]

1. e4 g6 2. d4 Bg7 3. Nf3 d6 4. c4 Nf6 5. Bd3 O-O 6. O-O c5 7. Be3 Ng4 8. Qc2
Nxe3 9. fxe3 cxd4 10. exd4 Nc6 11. Nbd2 Nxd4 12. Nxd4 Bxd4+ 13. Kh1 Be6 14. Nf3
Bf6 15. Rad1 Qa5 16. b3 Rfc8 17. Qe2 a6 18. Bb1 b5 19. e5 dxe5 20. Nxe5 bxc4 21.
Nxc4 Bxc4 22. bxc4 Rab8 23. Rd5 Qa4 24. Bd3 Rb2 25. Qf3 Rxa2 26. Qg4 Qc6 27. Be4
Qxc4 28. Rfd1 Kg7 29. h4 Ra4 30. h5 e6 31. h6+ Kxh6 32. Qf4+ Kg7 33. Rf1 Qxf1+
34. Qxf1 exd5 35. Bd3 Rh4+ 0-1

[Event "AUTO-OPEN-1901"]
[Site "http://www.queenalice.com/game.php?id=852743"]
[Date "2010.10.31"]
[Round "2"]
[White "Lopesq"]
[Black "allazzarini"]
[Result "0-1"]
[WhiteElo "1702"]
[BlackElo "2138"]

1. Nf3 Nf6 2. d4 g6 3. c3 Bg7 4. Bf4 O-O 5. e3 d6 6. Nbd2 Bf5 7. h3 Nbd7 8. Nh4
Be6 9. Be2 Nb6 10. Bg3 Rc8 11. e4 c5 12. d5 Bd7 13. O-O Ne8 14. a4 e6 15. a5 Na8
16. Ndf3 Nac7 17. a6 b5 18. Nh2 exd5 19. exd5 Be5 20. f4 Bf6 21. N4f3 Ng7 22.
Kh1 Nh5 23. Qe1 Nxd5 24. Bd3 Ndxf4 25. Bxf4 Nxf4 26. Bc2 Bc6 27. Rd1 Qc7 28. Ng4
Bg7 29. Qd2 Nh5 30. Qf2 Rce8 31. Kg1 f5 32. Ngh2 Be4 33. Bxe4 fxe4 34. b4 exf3
35. Nxf3 Bxc3 36. bxc5 dxc5 37. Qa2+ c4 38. Qc2 Qc5+ 39. Kh2 Re3 40. Qf2 Be5+
41. Kg1 Bg3 42. Qd2 Rexf3+ 43. Kh1 Rxf1+ 0-1

[Event "AUTO-OPEN-1901"]
[Site "http://www.queenalice.com/game.php?id=852744"]
[Date "2010.10.31"]
[Round "2"]
[White "allazzarini"]
[Black "Lopesq"]
[Result "1-0"]
[WhiteElo "2139"]
[BlackElo "1821"]

1. e4 c5 2. Nf3 Nc6 3. d4 cxd4 4. Nxd4 e5 5. Nf5 d6 6. Ng3 Be7 7. Bc4 Nf6 8. O-O
O-O 9. Kh1 Bg4 10. f3 Bd7 11. Be3 Be6 12. Nd2 Bxc4 13. Nxc4 b6 14. Nf5 Nd4 15.
Nxd4 exd4 16. Bxd4 Qc8 17. Nxd6 Bxd6 18. Bxf6 gxf6 19. Qxd6 Qxc2 20. Qxf6 Rac8
21. Rad1 Rc6 22. Qd4 Rfc8 23. e5 Rc4 24. Qd2 Qxd2 25. Rxd2 Rc1 26. Kg1 Rxf1+ 27.
Kxf1 Rc7 28. f4 Kg7 29. Kf2 Kg6 30. g4 h6 31. h4 Kg7 32. f5 Rc5 33. Re2 a5 34.
h5 Rc4 35. Kf3 a4 36. b3 axb3 37. axb3 Rc3+ 38. Re3 Rc5 39. b4 Rc1 40. f6+ Kg8
41. Re4 Rc3+ 42. Kf4 b5 43. Kf5 Rc4 44. Rxc4 bxc4 45. Ke4 c3 46. Kd3 c2 47. Kxc2
Kf8 48. Kd3 Ke8 49. Kd4 Kd7 50. Kd5 Kc7 51. e6 fxe6+ 52. Kxe6 Kc6 53. f7 1-0

[Event "AUTO-OPEN-1901"]
[Site "http://www.queenalice.com/game.php?id=852747"]
[Date "2010.10.31"]
[Round "2"]
[White "TheBigSid"]
[Black "allazzarini"]
[Result "0-1"]
[WhiteElo "2196"]
[BlackElo "2124"]

1. d4 Nf6 2. c4 g6 3. Nc3 Bg7 4. e4 d6 5. f3 O-O 6. Nge2 Nbd7 7. Be3 c5 8. Qd2
b6 9. O-O-O Bb7 10. h4 cxd4 11. Nxd4 Rc8 12. Kb1 Ne5 13. h5 Nxh5 14. Be2 Nxc4
15. Bxc4 Rxc4 16. g4 Ng3 17. Rh3 Be5 18. Rg1 Qd7 19. Rgxg3 Bxg3 20. Rxg3 Rfc8
21. Rh3 a6 22. Bf2 e5 23. Qh6 f6 24. Nde2 b5 25. g5 fxg5 26. Be3 g4 27. fxg4
Bxe4+ 28. Ka1 Bg2 29. Rh2 Bf3 30. Ng3 d5 31. Nh5 gxh5 32. Rxh5 Rxg4 33. Rg5+
Rxg5 34. Qxg5+ Qg7 35. Qf5 Bg4 0-1

[Event "AUTO-OPEN-1901"]
[Site "http://www.queenalice.com/game.php?id=852748"]
[Date "2010.10.31"]
[Round "2"]
[White "allazzarini"]
[Black "TheBigSid"]
[Result "1/2-1/2"]
[WhiteElo "2139"]
[BlackElo "2155"]

1. e4 e6 2. d4 d5 3. exd5 exd5 4. Bb5+ c6 5. Ba4 Nf6 6. Bg5 Be7 7. Ne2 O-O 8.
O-O Bf5 9. Ng3 Bg6 10. Nd2 Re8 11. Nf3 Ne4 12. Bxe7 Rxe7 13. Ne5 Nd7 14. Nxg6
hxg6 15. c3 Ndf6 16. Bc2 Qd6 17. Nxe4 Nxe4 18. Re1 Rae8 19. Bxe4 Rxe4 20. Rxe4
Rxe4 21. Qf3 Qe6 22. Kf1 f5 23. h3 Kf7 24. Rd1 Kf6 25. g3 g5 26. g4 Rf4 27. Qg3
fxg4 28. Re1 Qf5 29. hxg4 Qxg4 30. Qxg4 Rxg4 31. f3 Rf4 32. Kg2 g4 33. fxg4
Rxg4+ 34. Kf3 Rh4 35. Kg3 Re4 36. Rxe4 dxe4 37. Kf4 e3 38. Kxe3 Kf5 39. Kf3 g5
40. b4 g4+ 41. Ke3 g3 42. Kf3 g2 43. Kxg2 Ke4 44. Kf2 Kd3 45. b5 Kxc3 46. bxc6
bxc6 47. Ke3 a5 48. Ke4 a4 49. d5 cxd5+ 50. Kxd5 a3 51. Ke4 Kd2 52. Kd4 Kc2 53.
Kc4 Kb2 54. Kd3 Kxa2 55. Kc2 1/2-1/2

[Event "QA-ANNIV-05"]
[Site "http://www.queenalice.com/game.php?id=885907"]
[Date "2011.1.13"]
[Round "7"]
[White "allazzarini"]
[Black "Eduardomoreto67"]
[Result "0-1"]
[WhiteElo "2154"]
[BlackElo "2132"]

1. e4 c5 2. Nf3 e6 3. d4 cxd4 4. Nxd4 Nf6 5. Nc3 d6 6. a4 Be7 7. Be2 a6 8. O-O
Qc7 9. Kh1 Bd7 10. f4 e5 11. Nb3 Nc6 12. Be3 O-O 13. Qe1 Nb4 14. Rc1 d5 15. exd5
Nbxd5 16. Nxd5 Nxd5 17. Qg3 exf4 18. Bxf4 Nxf4 19. Qxf4 Qxf4 20. Rxf4 Bg5 21.
Rd4 Bxc1 22. Rxd7 Bxb2 23. h3 Rfe8 24. Bf3 Rac8 25. Nd2 Rcd8 0-1

[Event "QA-ANNIV-05"]
[Site "http://www.queenalice.com/game.php?id=921173"]
[Date "2011.4.3"]
[Round "8"]
[White "Don_Mutreta"]
[Black "allazzarini"]
[Result "0-1"]
[WhiteElo "1888"]
[BlackElo "2129"]

1. e4 e5 2. Nc3 Nc6 3. Nf3 d6 4. d4 Bg4 5. Be2 Nf6 6. d5 Ne7 7. Bg5 Ng6 8. O-O
h6 9. Bh4 Nxh4 10. g3 Nxf3+ 11. Bxf3 Bh3 12. Bg2 Qd7 13. Qf3 Bg4 14. Qe3 h5 15.
h3 Bxh3 16. Qg5 h4 17. Ne2 Bxg2 18. Kxg2 Nxe4 0-1

[Event "QA-ANNIV-05"]
[Site "http://www.queenalice.com/game.php?id=953515"]
[Date "2011.6.24"]
[Round "9"]
[White "allazzarini"]
[Black "michas"]
[Result "1-0"]
[WhiteElo "2134"]
[BlackElo "1859"]

1. e4 e5 2. Nf3 f6 3. Nxe5 fxe5 4. Qh5+ Ke7 5. Qxe5+ Kf7 6. Bc4+ d5 7. Bxd5+ Kg6
8. h4 h6 9. Qg3+ Kh7 10. h5 Qg5 11. Qxg5 hxg5 12. Bf7 Nh6 13. Bg6+ Kg8 14. d4
Be7 15. f3 Nc6 16. c3 Bd7 17. Be3 Be8 18. g4 Rd8 19. Nd2 Bxg6 20. hxg6 Kf8 21.
e5 Re8 22. Ne4 a6 23. Kf2 Na5 24. Nxg5 Bxg5 25. Bxg5 Re6 26. Kg3 Rxg6 27. Bxh6
gxh6 28. Rh5 Nc4 29. b3 Na5 30. d5 Rg5 31. Rah1 Rxh5 32. Rxh5 b5 33. f4 Kg7 34.
f5 Rd8 35. f6+ Kg6 36. Rf5 Rf8 37. e6 Rxf6 38. e7 Rxf5 39. e8=Q+ 1-0

[Event "QA-ANNIV-05"]
[Site "http://www.queenalice.com/game.php?id=983065"]
[Date "2011.9.9"]
[Round "10"]
[White "gilcesar"]
[Black "allazzarini"]
[Result "1-0"]
[WhiteElo "2071"]
[BlackElo "2138"]

1. e4 e5 2. Nf3 Nc6 3. Bb5 a6 4. Ba4 Nf6 5. d4 exd4 6. O-O b5 7. Bb3 Bc5 8. e5
Ng4 9. c3 d3 10. Qxd3 Ncxe5 11. Nxe5 Nxe5 12. Qe4 1-0